Movies Quiz

Random Movies or Disney Quiz

Disney Princesses in Order Minefield Quiz Stats

 Plays Quiz Updated Jan 27, 2018

Challenge
Share
Tweet
Embed
Score 0/11 Timer 04:00
17 Plays Today
% Correct
???
100%
???
85.5%
???
73.8%
???
56.3%
???
48.1%
???
38.5%
???
33.6%
???
31.8%
???
18.5%
???
13.3%
???
13.3%

You're not logged in!

Compare scores with friends on all Sporcle quizzes.
Join for Free
OR
Log In

You Might Also Like...

Show Comments

Extras

Top Quizzes Today


Score Distribution

Your Account Isn't Verified!

In order to create a playlist on Sporcle, you need to verify the email address you used during registration. Go to your Sporcle Settings to finish the process.

Report this User

Report this user for behavior that violates our Community Guidelines.

Details: